<?xml version="1.0" encoding="UTF-8"?>
<record
    xmlns:xsi="http://www.w3.org/2001/XMLSchema-instance"
    xsi:schemaLocation="http://www.loc.gov/MARC21/slim http://www.loc.gov/standards/marcxml/schema/MARC21slim.xsd"
    xmlns="http://www.loc.gov/MARC21/slim">

  <leader>00498    a2200145   4500</leader>
  <controlfield tag="005">20241212112549.0</controlfield>
  <controlfield tag="008">241212b        |||||||| |||| 00| 0 eng d</controlfield>
  <datafield tag="020" ind1=" " ind2=" ">
    <subfield code="a">9789363742802</subfield>
  </datafield>
  <datafield tag="041" ind1=" " ind2=" ">
    <subfield code="a">Marathi</subfield>
  </datafield>
  <datafield tag="100" ind1=" " ind2=" ">
    <subfield code="a">Patil R.</subfield>
    <subfield code="9">181800</subfield>
  </datafield>
  <datafield tag="245" ind1=" " ind2=" ">
    <subfield code="a">&#x924;&#x941;&#x930;&#x941;&#x902;&#x917;&#x930;&#x902;&#x917;</subfield>
    <subfield code="b">&#x924;&#x941;&#x930;&#x941;&#x902;&#x917;&#x935;&#x93E;&#x938; &#x92D;&#x94B;&#x917;&#x932;&#x947;&#x932;&#x94D;&#x92F;&#x93E; &#x90F;&#x915;&#x93E; &#x92D;&#x942;&#x924;&#x92A;&#x942;&#x930;&#x94D;&#x935; IPS &#x905;&#x927;&#x93F;&#x915;&#x93E;&#x931;&#x94D;&#x92F;&#x93E;&#x91A;&#x940; &#x921;&#x93E;&#x92F;&#x930;&#x940; </subfield>
  </datafield>
  <datafield tag="260" ind1=" " ind2=" ">
    <subfield code="b">Manovikas Prakashan</subfield>
    <subfield code="c">2024</subfield>
  </datafield>
  <datafield tag="300" ind1=" " ind2=" ">
    <subfield code="a">432</subfield>
  </datafield>
  <datafield tag="942" ind1=" " ind2=" ">
    <subfield code="c">BK</subfield>
  </datafield>
  <datafield tag="999" ind1=" " ind2=" ">
    <subfield code="c">362262</subfield>
    <subfield code="d">362262</subfield>
  </datafield>
  <datafield tag="952" ind1=" " ind2=" ">
    <subfield code="0">0</subfield>
    <subfield code="1">0</subfield>
    <subfield code="2">ddc</subfield>
    <subfield code="4">0</subfield>
    <subfield code="7">0</subfield>
    <subfield code="a">CCEP</subfield>
    <subfield code="b">CCEP</subfield>
    <subfield code="d">2024-12-06</subfield>
    <subfield code="e">63</subfield>
    <subfield code="g">399.20</subfield>
    <subfield code="l">3</subfield>
    <subfield code="o">891.463 PAT</subfield>
    <subfield code="p">CCEP-BK-67734</subfield>
    <subfield code="r">2025-04-01 00:00:00</subfield>
    <subfield code="s">2025-03-19</subfield>
    <subfield code="v">499.00</subfield>
    <subfield code="w">2024-12-06</subfield>
    <subfield code="y">BK</subfield>
  </datafield>
</record>
